| 000 | 01068nam2a2200277 4500 | ||
|---|---|---|---|
| 001 | RU\NLR\bibl\498766 | ||
| 005 | 20250623201151.0 | ||
| 010 |
_a5-93926-039-Х _9100 |
||
| 021 |
_aRU _b2004-3385 _9179 |
||
| 035 | _a(NLR Aleph) 000491380 | ||
| 090 |
_a1115821 _c1115821 |
||
| 100 | _a20040310d2003 |||y0rusy50 ca | ||
| 101 | 0 |
_arus _aeng |
|
| 102 | _aRU | ||
| 105 | _aa ||||||||| | ||
| 200 | 0 | _a2003 | |
| 210 |
_d2003 _aБ. м. |
||
| 215 |
_a323 с. _cил. |
||
| 300 | _aЧасть текста на англ. яз. | ||
| 320 | _aБиблиогр. в подстроч. прим. | ||
| 461 | 0 |
_1001RU\NLR\bibl\504612 _12001#$aСоциально-экономический ежегодник...$v2003 _91150688 _cКраснодар _d2003 _fМ-во образования Рос. Федерации, Юж. ин-т менеджмента _nИзд-во ЮИМ _tСоциально-экономический ежегодник... _v2003 |
|
| 801 | 0 |
_aRU _bNLR _c20040310 _gPSBO |
|
| 801 | 1 |
_aRU _bNLR _c20040310 |
|
| 942 | _cBOOK | ||
| 980 | _aNB | ||